Curso de Derecho Penal
Saved in:
| Hovedforfatter: | |
|---|---|
| Andre forfattere: | |
| Format: | Bog |
| Sprog: | spansk |
| Udgivet: |
Santiago, Chile:
Ediciones Jurídicas,
2018
|
| Udgivelse: | 4a. edición, aumentada y actualizada. |
| Fag: | |
| Tags: |
Tilføj Tag
Ingen Tags, Vær først til at tagge denne postø!
|
MARC
| LEADER | 00000cam a2200000 a 4500 | ||
|---|---|---|---|
| 001 | UCC3773 | ||
| 003 | CL-VaPUC | ||
| 005 | 20250507112255.0 | ||
| 008 | 180615e20180000cl |||||||||||||||||spa|d | ||
| 999 | |c 371457 |d 371455 | ||
| 020 | |a 9789569709500o.c | ||
| 020 | |a 9789569709517t.I | ||
| 020 | |a 9789569709524t.II | ||
| 020 | |a 9789569709531t.III | ||
| 020 | |a 9789569709548t.IV | ||
| 040 | |c Pontificia Universidad Católica de Valparaíso | ||
| 082 | 0 | 4 | |a 345.83 BUL 2018 |b |2 21 |
| 100 | 1 | |a Bullemore Gallardo, Vivian Robert |e autor |9 494333 | |
| 245 | 1 | 0 | |a Curso de Derecho Penal |
| 250 | |a 4a. edición, aumentada y actualizada. | ||
| 260 | |a Santiago, Chile: |b Ediciones Jurídicas, |c 2018 | ||
| 300 | |a 4 tomos. | ||
| 505 | |a t.I: parte general. t.II: teoría del delito. t.III Parte especial. Delitos contra la vida; delitos contra la salud individual; delitos de peligro; delitos contra la libertad; delitos contra la libertad sexual y la moral sexual; delitos contra la constitución jurídica y sexual de la familia; delitos contra la honra de las personas; delitos de la Ley de Drogas; delitos contra el medio ambiente. t.IV. Parte especial. Delitos contra el patrimonio y la propiedad; delitos contra la fe pública y privada; delitos cometidos por funcionarios públicos; delitos contra la administración de justicia; delitos concursales; delitos tributarios. | ||
| 583 | |a last modification |c 20180615 12:36:00 |k Rodrigo Vera | ||
| 650 | 1 | |a Derecho penal chileno |9 902513 | |
| 700 | |a MacKinnon Roehrs, John R. W. |e autor |9 791186 | ||
| 942 | |c BK |2 ddc | ||
| 945 | |d 20180615 12:36:00 |a dcastane | ||
| 952 | |0 0 |1 0 |3 erd |4 0 |6 345_830000000000000_BUL_2018 |7 0 |8 A |9 488458 |a BIBDER |b BIBDER |h t.I |i 5475201 |l 12 |o 345.83 BUL 2018 |p 5475201 |r 2024-05-13 |s 2024-05-10 |w 2019-11-24 |y BK |z Catalogado en:20180615 |k DER | ||
| 952 | |0 0 |1 0 |3 erd |4 0 |6 345_830000000000000_BUL_2018 |7 0 |8 A |9 488459 |a BIBDER |b BIBDER |h t.II |i 547521K |l 19 |m 1 |o 345.83 BUL 2018 |p 547521K |r 2024-06-18 |s 2024-06-06 |w 2019-11-24 |y BK |z Catalogado en:20180615 |k DER | ||
| 952 | |0 0 |1 0 |3 erd |4 0 |6 345_830000000000000_BUL_2018 |7 0 |8 A |9 488460 |a BIBDER |b BIBDER |h t.III |i 5475228 |l 1 |m 4 |o 345.83 BUL 2018 |p 5475228 |q 2025-12-31 |r 2022-04-05 |s 2022-04-05 |w 2019-11-24 |y BK |z Catalogado en:20180615 |k DER | ||
| 952 | |0 0 |1 0 |3 erd |4 0 |6 345_830000000000000_BUL_2018 |7 0 |8 A |9 488461 |a BIBDER |b BIBDER |h t.IV |i 5475236 |l 9 |o 345.83 BUL 2018 |p 5475236 |r 2024-05-08 |s 2024-05-08 |w 2019-11-24 |y BK |z Catalogado en:20180615 |k DER | ||